| 000 -LEADER |
| fixed length control field |
03369cam a2200469Ia 4500 |
| 001 - CONTROL NUMBER |
| control field |
967782029 |
| 003 - CONTROL NUMBER IDENTIFIER |
| control field |
OCoLC |
| 005 - DATE AND TIME OF LATEST TRANSACTION |
| control field |
20241110175335.0 |
| 006 - FIXED-LENGTH DATA ELEMENTS--ADDITIONAL MATERIAL CHARACTERISTICS |
| fixed length control field |
m o d |
| 007 - PHYSICAL DESCRIPTION FIXED FIELD--GENERAL INFORMATION |
| fixed length control field |
cr cn||||||||| |
| 008 - FIXED-LENGTH DATA ELEMENTS--GENERAL INFORMATION |
| fixed length control field |
170106s2017 nyua ob 000 0 eng d |
| 020 ## - INTERNATIONAL STANDARD BOOK NUMBER |
| International Standard Book Number |
9780071847704 |
| 020 ## - INTERNATIONAL STANDARD BOOK NUMBER |
| International Standard Book Number |
0071847707 |
| 035 ## - SYSTEM CONTROL NUMBER |
| System control number |
(OCoLC)967782029 |
| 040 ## - CATALOGING SOURCE |
| Original cataloging agency |
VTM |
| Language of cataloging |
eng |
| Transcribing agency |
VTM |
| Modifying agency |
VTM |
| -- |
OCLCO |
| -- |
YYE |
| 049 ## - LOCAL HOLDINGS (OCLC) |
| Holding library |
YYEA |
| -- |
VZYM |
| 080 ## - UNIVERSAL DECIMAL CLASSIFICATION NUMBER |
| Universal Decimal Classification number |
616.8 |
| Item number |
W-35 |
| 096 ## - LOCALLY ASSIGNED NLM-TYPE CALL NUMBER (OCLC) |
| Classification number |
WL 100 W356c 2017 |
| 100 1# - MAIN ENTRY--PERSONAL NAME |
| Personal name |
Waxman, Stephen G. |
| 245 10 - TITLE STATEMENT |
| Title |
Clinical neuroanatomy / |
| Statement of responsibility, etc. |
Stephen G. Waxman. |
| 250 ## - EDITION STATEMENT |
| Edition statement |
28th ed. |
| 260 ## - PUBLICATION, DISTRIBUTION, ETC. |
| Place of publication, distribution, etc. |
New York : |
| Name of publisher, distributor, etc. |
McGraw-Hill Education, |
| Date of publication, distribution, etc. |
2017 |
| 300 ## - PHYSICAL DESCRIPTION |
| Extent |
(xi, 362 pages) : |
| Other physical details |
illustrations. |
| 365 ## - TRADE PRICE |
| Price amount |
52.78 usd |
| 500 ## - GENERAL NOTE |
| General note |
"A Lange medical book." |
| 500 ## - GENERAL NOTE |
| General note |
ISSN: 0892-1237. |
| 500 ## - GENERAL NOTE |
| General note |
EINSTEIN & MMC: available online via AccessMedicine. See Reference staff for assistance. |
| 500 ## - GENERAL NOTE |
| General note |
EINSTEIN: available online via AccessNeurology. See Reference staff for assistance. |
| 504 ## - BIBLIOGRAPHY, ETC. NOTE |
| Bibliography, etc. note |
Includes bibliographic references. |
| 505 0# - FORMATTED CONTENTS NOTE |
| Formatted contents note |
Section I: Basic principles -- Fundamentals of the nervous system -- Development and cellular constituents of the nervous system -- Signaling in the nervous system -- Section II: Introduction to clinical thinking -- The relationship between nuroanatomy and neurology -- Section III: Spinal cord and spine -- The spinal cord -- The vertebral column and other structures surrounding the spinal cord -- Section IV: Anatomy of the brain -- The brain stem and cerebellum -- Cranial nerves and pathways -- Diencephalon -- Cerebral hemispheres/Telencephalon -- Ventricles and coverings of the brain -- Vascular supply of the brain -- Section V: Functional systems -- Control of movement -- Somatosensory systems -- The visual system -- The auditory system -- The vestibular system -- The reticular formation -- The limbic system -- The autonomic nervous system -- Higher cortical functions -- Section VI: Diagnostic aids -- Imagining of the brain -- Electrodiagnostic tests -- Cerebrospinal fluid examination -- Section VII: Discussion of cases -- Discussion of cases -- Appendix A: The neruologic examination -- Appendix B: Testing muscle function -- Appendix C: Spinal nerves and plexuses -- Appendix D: Questions and answers. |
| 520 ## - SUMMARY, ETC. |
| Summary, etc. |
"Clinical Neuroanatomy, Twenty-Eight Edition offers and accessible, easy-to-remember synopsis ofneuroanatomy and its functional and clinical implications. Since many of us learn and remember better when material is presented visually, this accliamed resource incldes not only clinical mateiral such as brain scans and pathololgical specimens, but also hundreds of diagrams and tables that are designed to be clear and memorable." -- Back cover. |
| 588 ## - SOURCE OF DESCRIPTION NOTE |
| Source of description note |
Description based on print version record. |
| 590 ## - LOCAL NOTE (RLIN) |
| Local note |
c.1 10071143 Ritt 4/5/17 $69.00. |
| 650 #2 - SUBJECT ADDED ENTRY--TOPICAL TERM |
| Topical term or geographic name entry element |
Nervous System |
| General subdivision |
anatomy & histology. |
| 650 #0 - SUBJECT ADDED ENTRY--TOPICAL TERM |
| Topical term or geographic name entry element |
Neurology |
| 9 (RLIN) |
100 |
| 650 #2 - SUBJECT ADDED ENTRY--TOPICAL TERM |
| Topical term or geographic name entry element |
Nervous System Diseases |
| General subdivision |
diagnosis. |
| 653 ## - INDEX TERM--UNCONTROLLED |
| Uncontrolled term |
ნერვული სისტემა |
| 653 ## - INDEX TERM--UNCONTROLLED |
| Uncontrolled term |
ნერვოლოგია |
| 653 ## - INDEX TERM--UNCONTROLLED |
| Uncontrolled term |
ნერვული სისტემის ანატომია |
| 776 08 - ADDITIONAL PHYSICAL FORM ENTRY |
| Relationship information |
Print version: |
| Main entry heading |
Waxman, Stephen G. |
| Title |
Clinical neuroanatomy. |
| Edition |
28th edition. |
| Place, publisher, and date of publication |
New York : McGraw-Hill Education, [2017] |
| International Standard Book Number |
9780071847704 |
| Record control number |
(OCoLC)955009092. |
| 942 ## - ADDED ENTRY ELEMENTS (KOHA) |
| Source of classification or shelving scheme |
|
| Koha item type |
Books |
| Edition |
28 |